Recovered memories : (Record no. 81601)
[ view plain ]
| 000 -LEADER | |
|---|---|
| campo de control de longitud fija | 01937nam a2200397 i 4500 |
| 001 - NÚMERO DE CONTROL | |
| campo de control | 81601 |
| 003 - IDENTIFICADOR DE NÚMERO DE CONTROL | |
| campo de control | ES-MaACL |
| 005 - FECHA Y HORA DE LA ÚLTIMA TRANSACCIÓN | |
| campo de control | 20250731104703.0 |
| 008 - DATOS DE LONGITUD FIJA--INFORMACIÓN GENERAL | |
| campo de control de longitud fija | 211221s2018 sp ab 001 0 spa |
| 020 ## - NÚMERO INTERNACIONAL ESTÁNDAR DEL LIBRO | |
| Número Internacional Estándar del Libro | 9788493498993 |
| 080 ## - NÚMERO DE LA CLASIFICACIÓN DECIMAL UNIVERSAL | |
| Número de la Clasificación Decimal Universal | 94(73)"1775/83" |
| 080 ## - NÚMERO DE LA CLASIFICACIÓN DECIMAL UNIVERSAL | |
| Número de la Clasificación Decimal Universal | 327(73:460)"16/19" |
| 080 ## - NÚMERO DE LA CLASIFICACIÓN DECIMAL UNIVERSAL | |
| Número de la Clasificación Decimal Universal | 327(460:73)"16/19" |
| 245 00 - MENCIÓN DEL TÍTULO | |
| Título | Recovered memories : |
| Resto del título | Spain, New Orleans and the support for the American revolution = Memorias recobradas : España, Nueva Orleans y la ayuda a la revolución norteamericana / |
| Mención de responsabilidad, etc. | José Manuel Guerrero Acosta (ed.) ; Borja Cardelús ... [et al.] ; translation = traducciones, Paul Edson, Araceli Montero Valdivia. |
| 246 3# - FORMA VARIANTE DEL TITULO | |
| Título propio/Titulo breve | Memorias recobradas : |
| Resto del título | España, Nueva Orleans y la ayuda a la revolución norteamericana |
| 260 ## - PUBLICACIÓN, DISTRIBUCIÓN, ETC. | |
| Lugar de publicación, distribución, etc. | [Bilbao] : |
| Nombre del editor, distribuidor, etc. | Iberdrola, |
| Fecha de publicación, distribución, etc. | [2018] |
| 300 ## - DESCRIPCIÓN FÍSICA | |
| Extensión | 515 p. : |
| Otras características físicas | il. col. y n., mapas col. y n. ; |
| Dimensiones | 30 cm. |
| 500 ## - NOTA GENERAL | |
| Nota general | Índice disponible en Dialnet. |
| 504 ## - NOTA DE BIBLIOGRAFÍA, ETC. | |
| Nota de bibliografía, etc. | Referencias bibliográficas. |
| 530 ## - NOTA DISPONIBLE DE FORMULARIO FÍSICO ADICIONAL | |
| Nota de formato físico adicional disponible | Disponible en formato digital. |
| 546 ## - NOTA DE IDIOMA | |
| Nota de lengua/lenguaje | Texto en español e inglés. |
| 585 ## - NOTA DE EXPOSICIONES | |
| Nota de exposiciones | Publ. con motivo de la exposición homónima celebrada en Nueva Orleans, Washington y Bilbao en 2018. |
| 651 #4 - PUNTO DE ACCESO ADICIONAL DE MATERIA--NOMBRE GEOGRÁFICO | |
| Nombre geográfico | Estados Unidos- |
| Subdivisión general | Historia- |
| Subdivisión cronológica | 1775-1783, Revolución- |
| Subdivisión general | Participación española- |
| Subdivisión de forma | Exposiciones. |
| 9 (RLIN) | 173910 |
| 651 #4 - PUNTO DE ACCESO ADICIONAL DE MATERIA--NOMBRE GEOGRÁFICO | |
| Nombre geográfico | España- |
| Subdivisión general | Relaciones- |
| Subdivisión geográfica | Estados Unidos |
| 9 (RLIN) | 8462 |
| 651 #4 - PUNTO DE ACCESO ADICIONAL DE MATERIA--NOMBRE GEOGRÁFICO | |
| Nombre geográfico | Estados Unidos- |
| Subdivisión general | Relaciones- |
| Subdivisión geográfica | España. |
| 9 (RLIN) | 169150 |
| 655 #7 - TERMINO DE INDIZACIÓN--GENERO/FORMA | |
| Fuente del término | tgfbne |
| 9 (RLIN) | 193628 |
| Datos o término principal de género/forma | Catálogos de exposiciones |
| 700 1# - ENTRADA AGREGADA--NOMBRE PERSONAL | |
| Nombre de persona | Guerrero Acosta, José Manuel, |
| Fechas asociadas al nombre | 1959- |
| 9 (RLIN) | 234245 |
| 700 1# - ENTRADA AGREGADA--NOMBRE PERSONAL | |
| Nombre de persona | Cardelús, Borja. |
| 9 (RLIN) | 35123 |
| 700 1# - ENTRADA AGREGADA--NOMBRE PERSONAL | |
| Nombre de persona | Edson, Paul. |
| 9 (RLIN) | 173904 |
| 700 1# - ENTRADA AGREGADA--NOMBRE PERSONAL | |
| Nombre de persona | Montero Valdivia, Araceli. |
| 9 (RLIN) | 173906 |
| 710 2# - ENTRADA AGREGADA--NOMBRE DE ENTIDAD CORPORATIVA | |
| Nombre de entidad corporativa o nombre de jurisdicción como elemento de entrada | Iberdrola. |
| 9 (RLIN) | 4634 |
| 852 4# - LOCALIZACIÓN | |
| Ubicación | ES-MaACL |
| Número de control de estantería | A-14806 |
| itemnumber | 84617 |
| Sublocalización o colección | R.152360 |
| Ubicación en estantería | Depósito 1 |
| Signatura antigua | Olim: N-7806 |
| Donativo/Legado | Donación: Editorial |
| 856 4# - LOCALIZACIÓN Y ACCESO ELECTRÓNICOS | |
| Identificador Uniforme de Recursos | <a href="https://dialnet.unirioja.es/servlet/libro?codigo=714077 ">https://dialnet.unirioja.es/servlet/libro?codigo=714077 </a> |
| Texto de enlace | Índice (Dialnet) |
| 942 ## - ELEMENTOS DE ENTRADA SECUNDARIOS (KOHA) | |
| Fuente del sistema de clasificación o colocación | Clasificación decimal universal |
| Estatus retirado | Estado de pérdida | Fuente del sistema de clasificación o colocación | Estado de daño | No para préstamo | Colección | Biblioteca de origen | Biblioteca actual | Ubicación en estantería | Fecha de adquisición | Fuente de adquisición | Total de préstamos | Signatura topográfica completa | Código de barras | Visto por última vez | Precio de reemplazo | Tipo de ítem Koha |
|---|---|---|---|---|---|---|---|---|---|---|---|---|---|---|---|---|
| Clasificación decimal universal | Colección digital | Biblioteca del Ateneo de Madrid | Biblioteca del Ateneo de Madrid | Depósito 1 | 21/12/2021 | Donación | A-14806 | 1202758 | 23/02/2023 | 23/02/2023 | Libro impreso |
